Missing Word: Films Set in Schools Quiz Stats

 Plays Quiz Updated Mar 26, 2019

Score 0/24 Timer 05:00
2 Plays Today
Title Missing Word % Correct
Rebel Without a ____Cause
97.7%
Rock 'n' ____ High SchoolRoll
97.2%
Pretty in ____Pink
95.4%
____ Poets SocietyDead
94.8%
____ Been KissedNever
94.1%
____ Bueller's Day OffFerris
94%
Harry Potter and the Sorcerer's ____Stone
92.7%
School of ____Rock
90.8%
The ____ ClubBreakfast
90.4%
____ and ConfusedDazed
89.5%
To Sir, With ____Love
87.6%
____ TeacherBad
85.1%
Title Missing Word % Correct
____ DarkoDonnie
85.1%
____ GraffitiAmerican
85%
____ DynamiteNapoleon
84.5%
____ Times at Ridgemont HighFast
82.8%
____ GirlsMean
80.9%
American ____Pie
78.3%
The Last Picture ____Show
76.4%
Peggy Sue Got ____Married
76%
____ IntentionsCruel
75.1%
____ AEasy
72.4%
Jennifer's ____Body
53.2%
____ RoyaleBattle
31.9%

Today's Daily Dose

Missing Word
Celine Dion

Word Ladder
Dr. Seuss Books

Quick Pick
Cities in India

Get the Picture
'A' Actresses

You're not logged in!

Compare scores with friends on all Sporcle quizzes.
OR
Log In

Sporcle TV

Today on Sporcle TV


Watch our educational content, quiz creation guides, and fun videos on Sporcle TV.

Show Comments

Extras

Top Quizzes Today


Score Distribution

Your Account Isn't Verified!

In order to create a playlist on Sporcle, you need to verify the email address you used during registration. Go to your Sporcle Settings to finish the process.

Report this User

Report this user for behavior that violates our Community Guidelines.

Details: